ARRUPE JESUIT UNIVERSITY

CORONAVIRUS -STOP THE SPREAD - CLEAN,DISINFECT,COVER

The origins of development economics : (Record no. 131824)

MARC details
000 -LEADER
fixed length control field 01653cam a2200373 a 4500
001 - CONTROL NUMBER
control field 14326656
003 - CONTROL NUMBER IDENTIFIER
control field ARRUPE
005 - DATE AND TIME OF LATEST TRANSACTION
control field 20240306103713.0
008 - FIXED-LENGTH DATA ELEMENTS--GENERAL INFORMATION
fixed length control field 060403s2005 ii a f b 001 0 eng d
010 ## - LIBRARY OF CONGRESS CONTROL NUMBER
LC control number 2006295861
015 ## - NATIONAL BIBLIOGRAPHY NUMBER
National bibliography number GBA559561
Source bnb
015 ## - NATIONAL BIBLIOGRAPHY NUMBER
National bibliography number GBA551073
Source bnb
020 ## - INTERNATIONAL STANDARD BOOK NUMBER
International Standard Book Number 8185229988 (Tulika)
020 ## - INTERNATIONAL STANDARD BOOK NUMBER
International Standard Book Number 1842776479 (Zed : pbk.)
020 ## - INTERNATIONAL STANDARD BOOK NUMBER
International Standard Book Number 1842776460 (Zed : hbk.)
035 ## - SYSTEM CONTROL NUMBER
System control number (OCoLC)ocm60668323
040 ## - CATALOGING SOURCE
Original cataloging agency UKM
Transcribing agency UKM
Modifying agency BWKUK
-- BAKER
-- DLC
042 ## - AUTHENTICATION CODE
Authentication code lccopycat
050 00 - LIBRARY OF CONGRESS CALL NUMBER
Classification number HD78
Item number .O75 2005
082 04 - DEWEY DECIMAL CLASSIFICATION NUMBER
Classification number 338.9009
Edition number 22
300 ## - PHYSICAL DESCRIPTION
Other physical details ill. ;
Dimensions 25 cm.
245 04 - TITLE STATEMENT
Title The origins of development economics :
Remainder of title how schools of economic thought have addressed development /
Statement of responsibility, etc edited by Jomo K.S. Jomo, Erik S. Reinert.
260 ## - PUBLICATION, DISTRIBUTION, ETC. (IMPRINT)
Place of publication, distribution, etc New Delhi :
Name of publisher, distributor, etc Tulika Books ;
Place of publication, distribution, etc London ;
-- New York :
Name of publisher, distributor, etc Zed ;
Place of publication, distribution, etc New York :
Name of publisher, distributor, etc Distributed in the USA exclusively by Palgrave,
Date of publication, distribution, etc 2005.
300 ## - PHYSICAL DESCRIPTION
Extent xxii, 165 p. :
504 ## - BIBLIOGRAPHY, ETC. NOTE
Bibliography, etc Includes bibliographical references and index.
650 #0 - SUBJECT ADDED ENTRY--TOPICAL TERM
Topical term or geographic name as entry element Development economics
General subdivision History.
9 (RLIN) 52511
700 0# - ADDED ENTRY--PERSONAL NAME
Personal name Jomo K. S.
Fuller form of name (Jomo Kwame Sundaram)
9 (RLIN) 52512
700 1# - ADDED ENTRY--PERSONAL NAME
Personal name Reinert, Erik S.,
Dates associated with a name 1949-
9 (RLIN) 52513
856 42 - ELECTRONIC LOCATION AND ACCESS
Materials specified Contributor biographical information
Uniform Resource Identifier <a href="http://www.loc.gov/catdir/enhancements/fy0634/2006295861-b.html">http://www.loc.gov/catdir/enhancements/fy0634/2006295861-b.html</a>
856 42 - ELECTRONIC LOCATION AND ACCESS
Materials specified Publisher description
Uniform Resource Identifier <a href="http://www.loc.gov/catdir/enhancements/fy0634/2006295861-d.html">http://www.loc.gov/catdir/enhancements/fy0634/2006295861-d.html</a>
856 41 - ELECTRONIC LOCATION AND ACCESS
Materials specified Table of contents only
Uniform Resource Identifier <a href="http://www.loc.gov/catdir/enhancements/fy0634/2006295861-t.html">http://www.loc.gov/catdir/enhancements/fy0634/2006295861-t.html</a>
906 ## - LOCAL DATA ELEMENT F, LDF (RLIN)
a 7
b cbc
c copycat
d 2
e ncip
f 20
g y-gencatlg
942 ## - ADDED ENTRY ELEMENTS (KOHA)
Source of classification or shelving scheme Library of Congress Classification
Koha item type Monograph ( Printed materials)
Holdings
Withdrawn status Lost status Source of classification or shelving scheme Damaged status Not for loan Collection code Home library Current library Shelving location Date acquired Total Checkouts Full call number Barcode Date last seen Price effective from Koha item type
    Library of Congress Classification     Main Collection ARRUPE LIBRARY ARRUPE LIBRARY Main Collection 06/03/2024   HD78 .O75 2005 46700000356 06/03/2024 06/03/2024 Monograph ( Printed materials)

 

Arrupe Library. PO Box MP320 Mt Pleasant, Harare, Zimbabwe
263 242 745411|librarian@aju.ac.zw